Ethos y polis: bases para una reconstrucción de la filosofía política
Furkejuvvon:
| Váldodahkki: | |
|---|---|
| Materiálatiipa: | Girji |
| Giella: | espánnjágiella |
| Almmustuhtton: |
Pamplona
Ediciones Universidad de Navarra
2006
|
| Preanttus: | 2a. ed |
| Ráidu: | Filosífica
|
| Fáttát: | |
| Fáddágilkorat: |
Lasit fáddágilkoriid
Eai fáddágilkorat, Lasit vuosttaš fáddágilkora!
|
MARC
| LEADER | 00000cam a2200000 a 4500 | ||
|---|---|---|---|
| 001 | UCD7378 | ||
| 003 | CL-VaPUC | ||
| 008 | 170317e20061000sp |||||||||||||||||spa|d | ||
| 020 | |a 8431324147 | ||
| 082 | 0 | 4 | |a 320.01 |b CRU |2 21 |
| 100 | 0 | |a Cruz Prados, Alfredo |e author |9 591393 | |
| 245 | 1 | 0 | |a Ethos y polis: bases para una reconstrucción de la filosofía política |
| 250 | |a 2a. ed | ||
| 300 | |a 442 p | ||
| 942 | |c BK | ||
| 945 | |d 20170317 22:16:00 |a arojas | ||
| 260 | |a Pamplona |b Ediciones Universidad de Navarra |c 2006 | ||
| 650 | 7 | |a FILOSOFIA POLITICA |2 CL-VaPUC |9 591394 | |
| 650 | 7 | |a TEORIA POLITICA |2 CL-VaPUC |9 591395 | |
| 650 | 7 | |a ETICA Y POLITICA |2 CL-VaPUC |9 470468 | |
| 583 | |a last modification |c 20170317 22:16:00 |k Rodrigo Vera | ||
| 490 | 0 | |a Filosífica | |
| 999 | |c 367439 |d 367437 | ||
| 952 | |0 0 |1 0 |3 erb |4 0 |6 320_010000000000000_CRU_2006 |7 0 |8 A |9 482307 |a BIBEDU |b BIBEDU |i 536762K |l 3 |o 320.01 CRU 2006 |p 536762K |r 2021-05-19 |s 2020-10-12 |w 2019-11-24 |y BK |z Catalogado en:20170317 |k FIL | ||